Životné jubileum prof. Ing. Augustina Sládka, Ph.D.

Podrobná bibliografia
Hlavný autor: Bechný, Lubomír (Author)
Médium: Článok
Jazyk:Slovak
Témy:
Zdroj: 1. Slévárenství 1. 0037-6825 1. Roč. 55, č. 8-9 (2007), s. 439
LEADER 00863nab#a2200313#ar4500
001 000086830
003 SVKKK
005 20071120105846.0
008 071120c2007 xo e slo
FMT
038 |a SVKKK 
040 |a SVKKK  |b slo  |e AACR2 
041 0 |a slo 
044 |a xo  |c SK 
080 |a 621.74(437.6)  |2 1997 
080 |a 929 Sládek, Augustin  |2 1997 
100 1 |a Bechný, Lubomír  |4 aut 
245 1 0 |a Životné jubileum prof. Ing. Augustina Sládka, Ph.D.  |c Lubomír Bechný 
300 |b Fotogr. 
500 |a Dátum narodenia 12.9.1957 
600 1 4 |a Sládek, Augustin,  |c profesor v oblasti zlievarenstva,  |d 1957-,  |z Žilina (Slovensko) 
650 0 4 |a zlievarenstvo 
773 0 |t Slévárenství  |x 0037-6825  |g Roč. 55, č. 8-9 (2007), s. 439 
958 |a BX 
974 |a MI 
992 |a RBX 
BAS
852 |a SVKKK  |b BIB 
998 |a HUT